Water quality and pond soil analyses for aquaculture

Water and soil analyses commonly needed in aquacultural research or in making decisions on water quality management in aquaculture ponds are described in this manual. Most procedures are useful in both freshwater and brackish water. In addition to providing a "step-by-step" account of each...

Ausführliche Beschreibung

Gespeichert in:
Bibliographische Detailangaben
1. Verfasser: Boyd, Claude E
Format: Buch
Sprache:Undetermined
Veröffentlicht: Auburn University, Ala. Alabama Agricultural Experiment Station, Auburn University 1992
Schlagworte:
Tags: Tag hinzufügen
Keine Tags, Fügen Sie den ersten Tag hinzu!
Thư viện lưu trữ: Trung tâm Học liệu Trường Đại học Cần Thơ
LEADER 01378nam a2200229Ia 4500
001 CTU_143081
008 210402s9999 xx 000 0 und d
082 |a 639.31 
082 |b B789 
100 |a Boyd, Claude E 
245 0 |a Water quality and pond soil analyses for aquaculture 
245 0 |c Claude E. Boyd, Craig S. Tucker 
260 |a Auburn University, Ala. 
260 |b Alabama Agricultural Experiment Station, Auburn University 
260 |c 1992 
520 |a Water and soil analyses commonly needed in aquacultural research or in making decisions on water quality management in aquaculture ponds are described in this manual. Most procedures are useful in both freshwater and brackish water. In addition to providing a "step-by-step" account of each procedure, in most instances, some explanation of the basis of each is provided 
526 |a Quản lý chất lượng nước trong nuôi trồng thủy sản,Quản lý chất lượng nước hệ thống nuôi thủy sản 
526 |b TSN609,TSQ615 
650 |a Aquaculture,Water quality,Pond soils,Thủy sản,Đất đáy ao,Chất lượng nước 
650 |x Water-supply,Testing,Testing,Analysis,Cung cấp nước,Thí nghiệm,Phân tích,Thí nghiệm 
904 |i Huỳnh Mai 
980 |a Trung tâm Học liệu Trường Đại học Cần Thơ